MOUCHETTE (Record n. 106020)
[ formato base ]
| 000 -LEADER | |
|---|---|
| fixed length control field | 01768agaaa2200313 4500 |
| 001 - CONTROL NUMBER | |
| control field | 1654 |
| 003 - CONTROL NUMBER IDENTIFIER | |
| control field | IT-RoPAU |
| 005 - DATE AND TIME OF LATEST TRANSACTION | |
| control field | 20220918181239.0 |
| 007 - PHYSICAL DESCRIPTION FIXED FIELD--GENERAL INFORMATION | |
| fixed length control field | d cvaizq |
| 008 - FIXED-LENGTH DATA ELEMENTS--GENERAL INFORMATION | |
| fixed length control field | 50131s9999||||xx ||| | || ||und|| |
| 040 ## - CATALOGING SOURCE | |
| Original cataloging agency | IT-RoPAU |
| Transcribing agency | IT-RoPAU |
| 041 ## - LANGUAGE CODE | |
| Language code of text/sound track or separate title | ITALIANO |
| 100 ## - MAIN ENTRY--PERSONAL NAME | |
| Personal name | Bresson Robert |
| Miscellaneous information | Codice regista SPICS: 8815 |
| 9 (RLIN) | 44650 |
| 130 ## - MAIN ENTRY--UNIFORM TITLE | |
| Uniform title | MOUCHETTE |
| 9 (RLIN) | 44651 |
| 245 ## - TITLE STATEMENT | |
| Title | MOUCHETTE |
| Statement of responsibility, etc. | Sceneggiatura: Bresson Robert -- Diretto da: Bresson Robert |
| Name of part/section of a work | MOUCHETTE (Rif. Codice opera principale : 21654) |
| 250 ## - EDITION STATEMENT | |
| Edition statement | Edizione Standard |
| 260 ## - PUBLICATION, DISTRIBUTION, ETC. (IMPRINT) | |
| Place of publication, distribution, etc. | ROMA (FRANCIA) |
| Name of publisher, distributor, etc. | ARGOS / |
| Date of manufacture | "1967 (1° ed.: 1993 ; Ed. Lingua Orig.: 1967)" |
| 300 ## - PHYSICAL DESCRIPTION | |
| Extent | 16MM |
| Other physical details | sonoro, col. |
| Dimensions | 81 minuti |
| 508 ## - CREATION/PRODUCTION CREDITS NOTE | |
| Creation/production credits note | "Fotografia: Cloquet Ghislain; Montaggio: Lamy Raymond; Musica: Monteverdi Claudio; Sceneggiatura: Bresson Robert; " |
| 511 ## - PARTICIPANT OR PERFORMER NOTE | |
| Participant or performer note | "Nortier Nadine; Guilbert Jean; Claude; Cardinal Maria; Vimenet Jean; Susini Maria" |
| 520 ## - SUMMARY, ETC. | |
| Summary, etc. | UMANITA' E I SUOI MALI. RIFIUTO DELLA CONVIVENZA SOCIALE COME DIFESA DEI VALORI DELLO SPIRITO. INNOCENZA. OLOCAUSTO PER LA REDENZIONE. MORTE IN BRESSON. REALE SIMBOLICO NEI FILM DI BRESSO. MOUCHETTE UN'ADOLESCENTE SUI QUATTORDICI ANNI PORTA AVANTI IL PESO DELLA SUA SQUALLIDA FAMIGLIOLA IL PADRE E IL FRATELLO MAGGIORE TRAFFICANTI DI ALCOOLICI SONO SEMPRE UBRIACHI L'ALTRO FRATELLINO E' ANCORA IN FASCE E LA MADRE E' GRAVEMENTE MALATA. FILM IN BIANCO E NERO. |
| 538 ## - SYSTEM DETAILS NOTE | |
| System details note | MONO |
| 546 ## - LANGUAGE NOTE | |
| Language note | ITALIANO |
| 650 ## - SUBJECT ADDED ENTRY--TOPICAL TERM | |
| Topical term or geographic name as entry element | DRAMMATICO |
| Relator term | PELLICOLE CINEMA [16 MM] |
| General subdivision | Codice MATERIA SPICS: 9955 |
| 9 (RLIN) | 44652 |
| 700 ## - ADDED ENTRY--PERSONAL NAME | |
| Personal name | Bernanos Georges |
| Relator term | (soggetto) |
| Miscellaneous information | Codice Soggetto SPICS: 9287 |
| 9 (RLIN) | 44653 |
| 700 ## - ADDED ENTRY--PERSONAL NAME | |
| Personal name | Bresson Robert |
| Relator term | (regista) |
| Miscellaneous information | Codice regista SPICS: 8815 |
| 9 (RLIN) | 44654 |
| 700 ## - ADDED ENTRY--PERSONAL NAME | |
| Personal name | Monteverdi Claudio |
| Relator term | (musica) |
| Miscellaneous information | Codice Musica SPICS: 3614 |
| 9 (RLIN) | 44655 |
| 942 ## - ADDED ENTRY ELEMENTS (KOHA) | |
| Koha item type | 16 MM |
| Source of classification or shelving scheme | Dewey Decimal Classification |
| Withdrawn status | Lost status | Damaged status | Not for loan | Home library | Current library | Date acquired | Total Checkouts | Full call number | Date last seen | Price effective from | Koha item type | Public note |
|---|---|---|---|---|---|---|---|---|---|---|---|---|
| Buone Condizioni | Not For Loan | SPICS-MEDIATECA | SPICS-MEDIATECA | 31/01/2015 | 21654 | 31/01/2015 | 31/01/2015 | 16 MM | Progr. Ins.: 1450 / N.Vol.:2 / Copie: 1 / Pag.: / Copia rara: n.d. / date import: 1.2.2015 / By Epidotti, Trombetti, Vaglietti - CUSTODITA PRESSO FILMOTECA VATICANA |